| 000 | 02734cam a22003491i 4500 | ||
|---|---|---|---|
| 003 | SA-RiAUC | ||
| 005 | 20241020133201.0 | ||
| 008 | 240924k19641967le g 000 0dara c | ||
| 040 |
_aOM-MuSQU _bara _cSA-RiAUC _erda |
||
| 050 | 4 | _b.I26 1964 | |
| 082 | 0 | 4 | _a234.83 |
| 090 | _a234.83 ا ب ن ح | ||
| 100 | 1 |
_aابن حجر العسقلاني، أحمد بن علي بن محمد، _d773-852 هجري _eمؤلف. |
|
| 245 | 1 | 0 |
_aتبصير المنتبه بتحرير المشتبه / _cأحمد بن علي بن حجر العسقلاني ؛ تحقيق محمد علي النجار ؛ مراجعة علي محمد البجاوي. |
| 264 | 1 |
_aبيروت : _bالمكتبة العلمية، _c1964-1967 |
|
| 300 |
_a4 مجلد ؛ _c24 سم. |
||
| 336 |
_aنص _btxt _2rdacontent _3كتاب |
||
| 337 |
_aبدون وسيط _bn _2rdamedia |
||
| 338 |
_aمجلد _bnc _2rdacarrier |
||
| 490 | 1 | _aتراثنا | |
| 590 | _aعبد المنعم. | ||
| 650 | 7 |
_aالأسماء والكنى والألقاب والأنساب في الحديث _2aucsh |
|
| 700 | 1 |
_aالبجاوي، علي محمد، _d1903-1979 _eمحقق. |
|
| 700 | 1 |
_aالنجار، محمد علي، _d1895-1965 _eمراجع. |
|
| 700 | 1 | 2 |
_aالذهبي، محمد بن أحمد بن عثمان، _d673-748 هجري _tالمشتبه في أسماء الرجال. |
| 740 | 2 | 2 | _aالمشتبه في أسماء الرجال. |
| 830 | 0 | _aتراثنا (المكتبة العلمية) | |
| 856 |
_uhttp://www.alwaraq.net/Core/waraq/coverpage?bookid=286&option=1 _yExternal Link _2 نرجو الانتباه لإمكانية وجود اختلاف في الطبعة أو الناشر بين البيانات على البوابة وما ستجده على الكتاب نظرا لمحدودية المعلومات المتاحة على الموقع الناشر للمادة. _3Please note that there may be a difference in the edition or publisher between the data on the portal and the book due to the limited information available on the publisher website for the material. |
||
| 856 |
_uhttp://www.alwaraq.net/Core/AlwaraqSrv/bookpage?book=286&option=1&fkey=2&page=1 _yDigital Copy _2 نرجو الانتباه لإمكانية وجود اختلاف في الطبعة أو الناشر بين البيانات على البوابة وما ستجده على الكتاب نظرا لمحدودية المعلومات المتاحة على الموقع الناشر للمادة. _3Please note that there may be a difference in the edition or publisher between the data on the portal and the book due to the limited information available on the publisher website for the material. |
||
| 942 |
_2ddc _cBOOK _n0 |
||
| 949 |
_aSA-JeALM _d240924 _umohamedma123 _n1 |
||
| 999 |
_c779 _d779 |
||